Vnější a vnitřní kontrola z pohledu managementu
Na minha lista:
| Autor principal: | |
|---|---|
| Outros Autores: | |
| Formato: | Livro |
| Idioma: | tcheco |
| Publicado em: |
Praha
Wolters Kluwer
2014
|
| Assuntos: | |
| Tags: |
Sem tags, seja o primeiro a adicionar uma tag!
|
MARC
| LEADER | 00000nam a2200000 4500 | ||
|---|---|---|---|
| 001 | 0231080 | ||
| 005 | 20240313090603.2 | ||
| 020 | |a 978-80-7478-557-3 | ||
| 041 | 0 | |a cze | |
| 044 | |a CZ | ||
| 245 | 1 | 0 | |a Vnější a vnitřní kontrola z pohledu managementu |c Vladimír Králíček, Jan Molín |
| 264 | 1 | |a Praha |b Wolters Kluwer |c 2014 | |
| 300 | |a 231 s. | ||
| 610 | 2 | 0 | |a riadenie podnikové |
| 610 | 2 | 0 | |a správa spoločnosti |
| 610 | 2 | 0 | |a kontrola vnútorná |
| 610 | 2 | 0 | |a kontrola vonkajšia |
| 610 | 2 | 0 | |a kontrola daňová |
| 610 | 2 | 0 | |a audit externý |
| 610 | 2 | 0 | |a audit interný |
| 610 | 2 | 0 | |a podvody |
| 610 | 2 | 0 | |a korupcia |
| 610 | 2 | 0 | |a pranie špinavých peňazí |
| 100 | 1 | |a Králíček, Vladimír | |
| 700 | 1 | |a Molín, Jan | |